00751nam a22002417a 45000010005000000030006000050050017000110080041000280400029000690500008000980820008001061000023001142450016001372600039001533000053001924900019002455050007002645200114002715210027003855210018004126500044004306500035004749409FISKH20260106083437.0260106b cb ||||| |||| 00| 0 eng d aFISKHbengcFISKHdFISKH aPZ7 a630 aAnonymous eAuthor aEmergency / aNew York :bParadise Press ,c2004 a10 unnumbered pages :bphotographs ;c15 x 18 cm aMighty movers  aE  aPictures and short descriptions of emergency vehicles including fire engines, police vehicles and ambulances.8 a200 bLexile estimate 8 aE bRaz-Plus  aEmergency services vEmergency vehicles aChildren's vCommunity helpers